Sports Quiz

Random Sports Quiz

Sports Mascots That Can Fly Quiz Stats

 Plays Quiz not verified by Sporcle

Challenge
Share
Tweet
Embed
Score 0/16 Timer 05:00
0 Plays Today
League Team Name % Correct
MLBSt. Louis Cardinals
91.4%
NFLPhiladelphia Eagles
91%
NFLArizona Cardinals
91%
NFLAtlanta Falcons
85.2%
NBAAtlanta Hawks
80.5%
NFLSeattle Seahawks
77.3%
NFLNew York Jets
69.9%
NFLBaltimore Ravens
67.6%
League Team Name % Correct
MLBBaltimore Orioles
67.6%
NHLPhiladelphia Flyers
59%
NHLDetroit Redwings
54.7%
MLBToronto Blue Jays
52%
NBANew Orleans Hornets
47.3%
MLBAnaheim Angels
43.8%
NBAHouston Rockets
37.1%
NHLAnaheim Ducks
37.1%

You're not logged in!

Compare scores with friends on all Sporcle quizzes.
Join for Free
OR
Log In

You Might Also Like...

Show Comments

Extras

Created Dec 15, 2009ReportNominate
Tags:fly, flying, league, mascot, team

Top Quizzes Today


Score Distribution

Your Account Isn't Verified!

In order to create a playlist on Sporcle, you need to verify the email address you used during registration. Go to your Sporcle Settings to finish the process.

Report this User

Report this user for behavior that violates our Community Guidelines.

Details: